Desarrollo de perfiles térmicos en pilas aéreas para carbonización de estípite de palma de aceite. (Registro nro. 26550)

Detalles MARC
000 -ENCABEZADO
Número de control [NR] 03817nam a22003977i 4500
001 - NÚMERO DE CONTROL
control field B-12087
003 - IDENTIFICADOR DE CONTROL NÚMERO
control field CO-BoFNCP
007 - CAMPO DESCRIPCIÓN FÍSICA FIJA - INFORMACIÓN GENERAL
fixed length control field t||
008 - DE LONGITUD FIJA DE DATOS DE ELEMENTOS - INFORMACIÓN GENERAL
Elementos de longitud fija [NR] 090804s2009 ck r spa d
040 ## - FUENTE DE CATALOGACION [NR]
Agencia de catalogación original [NR] CO-BoFNCP
Idioma de catalogación [NR] Español
Quien Cataloga CO-BoFNCP
Convenciones de la descripción [NR] rda
041 ## - CODIGO DE IDIOMA [R]
Código de idioma para texto/pista de sonido o título separado [R] Español
043 ## - CODIGO DE AREA GEOGRAFICA [NR]
Código de área geográfica [R] ck
084 ## - OTRO NUMERO DE CLASIFICACION [R]
Número clasificador [R] A-
100 1# - ASIENTO PRINCIPAL--NOMBRE PERSONAL [NR]
Nombre personal [NR] García N., Jesús A.
ID Autoridad 37117,
Término relacionador [R] autor.
Relator code aut
245 10 - MENCION DE TITULO [NR]
Título [NR] Desarrollo de perfiles térmicos en pilas aéreas para carbonización de estípite de palma de aceite.
246 2# - FORMA VARIANTE DEL TITULO [R]
Título propiamente dicho/forma breve del título [NR] Development of thermal profiles in air batteries for the carbonization of oil palm stipes
264 #4 - PRODUCCIÓN, PUBLICACIÓN, DISTRIBUCIÓN, FABRICACIÓN Y COPYRIGHT
Fecha de producción, publicación, distribución, fabricación o copyright ©2009
300 ## - DESCRIPCION FISICA [R]
Extensión [R] páginas 29-38 :
Otros detalles físicos [NR] Tablas, gráficos, fotografías.
336 ## - TIPO DE CONTENIDO
Término de tipo de contenido texto
Código de tipo de contenido txt
Fuente rdacontent
337 ## - TIPO DE MEDIO
Nombre/término del tipo de medio sin mediación
Código del tipo de medio n
Fuente rdamedia
338 ## - TIPO DE SOPORTE
Nombre/término del tipo de soporte volumen
Código del tipo de soporte nc
Fuente rdacarrier
500 ## - NOTA GENERAL [R]
Nota general [NR] Contiene resumen en español e inglés.
504 ## - NOTA DE BIBLIOGRAFIA, ETC. [R]
Nota de bibliografía, etc. [NR] Incluye referencias bibliográficas.
520 ## - NOTA DE RESUMEN, ETC. [R]
Nota de sumario, etc. [NR] En este trabajo se presenta la metodología desarrollada para el levantamiento de los perfiles de temperatura superficial e interno de una pila aérea de carbonización de estípite de palma de aceite, en la que los perfiles superficiales permiten observar temperaturas del orden de 40 y 60 C, y los internos, de unos 500 C, ambas adecuadas para el tratamiento termoquímico de biomasa. El sistema de pilas aéreas para carbonización presentó un tiempo total de operación que oscila entre 4 y 5 días después de la ignición, lo que permitió realizar las mediciones durante los tres primeros días de operación. El perfil de temperaturas internas corresponde al evaluado en la dirección angular a partir de la medición de temperaturas en seis puntos equidistantes conformando una base hexagonal de la pila. Para tales mediciones, se utilizaron termocuplas tipo "K" y un pirómetro para la medición de temperaturas internas y superficiales, respectivamente. En cuanto al proceso de carbonización, se obtuvo un rendimiento de conversión de biomasa a biocarbón del orden de 49% (base seca), a partir de biomasa de estípite de palma con humedad de 59,4%; se llegó a temperaturas de pirólisis-carbonización de 500-600 C y una masa carbonizada "biocarbón" con una humedad del 5%
520 ## - NOTA DE RESUMEN, ETC. [R]
Nota de sumario, etc. [NR] This paper presents the methodology developed for the lifting of the profiles surface temperature as both an internal for stack aerial carbonization of oil palm trunk, where the surface profiles show temperatures of about 40 and 60 C. As the internal profiles indicate temperatures around 500 C; these temperatures are suitable for thermochemical treatment of biomass. Similarly, the system of aerial stacks to carbonization presented a total time of operation ranged from 4 to 5 days after the ignition, which comporallowed the measurements during the first three days of operation of the aerial stack, where the profile internal temperatures corresponds to the evaluated in the angular direction from the measurement of temperature at six equidistant points forming a hexagonal base of the stack. For these measurements, we used thermocouples type "K" and a pyrometer to measure surface and internal temperatures, respectively. In the process of carbonization was obtained in a yield of biomass conversion to biochar of about 49% (dry basis), from oil palm trunk with moisture of 59.4%, reaching temperatures in the pyrolysis-carbonization range of 500-600 C and a mass of charred "Biochar" with humidity of 5%.
650 #0 - ASIENTO SECUNDARIO DE MATERIA - TERMINO TEMATICO [R]
Término temático o nombre geográfico como elemento de entrada [NR] Biocombustibles
9 (RLIN) 29861.
650 #0 - ASIENTO SECUNDARIO DE MATERIA - TERMINO TEMATICO [R]
Término temático o nombre geográfico como elemento de entrada [NR] Bioetanol
9 (RLIN) 29867.
650 #0 - ASIENTO SECUNDARIO DE MATERIA - TERMINO TEMATICO [R]
Término temático o nombre geográfico como elemento de entrada [NR] Biomasa
9 (RLIN) 3542.
650 #0 - ASIENTO SECUNDARIO DE MATERIA - TERMINO TEMATICO [R]
Término temático o nombre geográfico como elemento de entrada [NR] Palma de aceite
9 (RLIN) 37678.
700 1# - ASIENTO SECUNDARIO - NOMBRE PERSONAL [R]
Nombre personal [NR] Delgado, Fabio
9 (RLIN) 41870.
700 1# - ASIENTO SECUNDARIO - NOMBRE PERSONAL [R]
Nombre personal [NR] Martínez G., Aldemar
9 (RLIN) 41871.
700 1# - ASIENTO SECUNDARIO - NOMBRE PERSONAL [R]
Nombre personal [NR] Rincón R., Víctor
9 (RLIN) 36942.
773 0# - ASIENTO DEL ITEM FUENTE [R]
Asiento principal [NR] Palmas (Colombia)
Información sobre la relación [R] v. 30, no. 1 (2009), p.29-38
Número de control del registro [R] A-
Número Internacional Normalizado para Publicaciones Seriadas - ISSN [NR] 0121-2923
942 ## - ELEMENTOS DE ENTRADA AGREGADOS (KOHA)
Sistema de clasificación Local
Tipo de ítem principal el descrito en 300a Artículo
999 ## - NÚMEROS DE SISTEMAS DE CONTROL (KOHA)
Koha biblionumber 26550
Existencias
Estado de retiro (OPAC) Perdido Sistema de clasificación Dañado No prestable Ubicación habitual Ubicación actual Fecha de creación Total préstamos Signatura topográfica Código de barras Última vez visto Ejemplar Price effective from Tipo de ítem
    Local     1 - CID Palmero Bogotá 1 - CID Palmero Bogotá 10/21/2013   A- R-12087 10/21/2013 Ej. 1 10/21/2013 Artículo